Science technology and social change : (Record no. 87067)

MARC details
000 -CABECERA
campo de control de longitud fija 00692nam a22002053a 4500
005 - FECHA Y HORA DE LA ÚLTIMA TRANSACCIÓN
campo de control 20240911064100.0
008 - ELEMENTOS DE LONGITUD FIJA--INFORMACIÓN GENERAL
campo de control de longitud fija 011017s1999 ea r 000 0 eng d
020 ## - NÚMERO INTERNACIONAL NORMALIZADO PARA LIBROS
Número Internacional Estándar del Libro 0792357590
035 ## - NÚMERO DE CONTROL DEL SISTEMA
Número de control de sistema UPN01000113159
049 ## - COLECCIÓN
Colección CG
050 #4 - SIGNATURA TOPOGRÁFICA DE LA BIBLIOTECA DEL CONGRESO
Número de clasificación HM831
Número de documento/Ítem S2.5
245 00 - MENCIÓN DE TÍTULO
Título Science technology and social change :
Resto del título the orange book of Einstein meets Magritte /
Mención de responsabilidad, etc. ed. Diederik Aerts.
260 ## - PUBLICACIÓN, DISTRIBUCIÓN, ETC.
Lugar de publicación, distribución, etc. Bruselas :
Nombre del editor, distribuidor, etc. VUB University Press ;
Lugar de publicación, distribución, etc. Dordrecht, Hol. :
Nombre del editor, distribuidor, etc. Kluwer Academic,
Fecha de publicación, distribución, etc. c1999.
300 ## - DESCRIPCIÓN FÍSICA
Extensión 309 p.
440 #0 - MENCIÓN DE SERIE/ASIENTO SECUNDARIO--TÍTULO
Título Einstein meets Magritte ;
Designación de volumen o secuencia v.3
650 #4 - ASIENTO SECUNDARIO DE MATERIA - TERMINO TEMATICO
Término de materia o nombre geográfico como elemento de entrada Cambio social
9 (RLIN) 4887
650 #2 - ASIENTO SECUNDARIO DE MATERIA - TERMINO TEMATICO
Término de materia o nombre geográfico como elemento de entrada Ciencias sociales
Subdivisión general Filosofía
9 (RLIN) 5622
700 1# - ASIENTO SECUNDARIO--NOMBRE DE PERSONAL
Nombre de persona Aerts, Diederik,
Fechas asociadas al nombre 1953-
Término indicativo de función/relación ed.
9 (RLIN) 30102
905 ## - TIPO DE MATERIAL
Tipo de material Libro
Holdings
Estado de retiro Estado de pérdida Fuente del sistema de clasificación o colocación Estado dañado No para préstamo Código de colección Localización permanente Ubicación/localización actual Ubicación en estantería Total de préstamos Clasificación Código de barras Fecha visto por última vez Número de copia Tipo de ítem Koha
    Library of Congress Classification     Colección General Bib. Gregorio Torres Quintero Bib. Gregorio Torres Quintero Planta baja 1 HM831 S2.5 186612 31/12/2020 1 Libro